000
00312 a2200109 4500
001
ART_21225
005
20260410161600.0
008
260409a
245
1
0
_a
Mercado de capitales
100
1
_a
Camerini, Marcelo A.
773
0
_t
Profesional & Empresaria
_g
- Año XIV, Nº 170 (nov. 2013)
_w
REV70
999
_c
9613
_d
9613